Top 15 Countries with Covid-19 Cases - 11 July - Statistics

General Stats
  • This quiz has been taken 35 times
  • The average score is 14 of 25
Answer Stats
country % Correct
United States
100%
United Kingdom
97%
Brazil
88%
India
88%
Mexico
88%
Italy
82%
Spain
82%
Russia
79%
Iran
70%
Saudi Arabia
58%
Chile
55%
Chile
55%
Pakistan
55%
Turkey
55%
Peru
52%
South Africa
52%
Sweden
48%
Belarus
27%
Bahrain
24%
Panama
24%
Qatar
24%
Singapore
24%
Oman
21%
Kuwait
18%
Armenia
12%
No matching quizzes found
Score Distribution
Percent of People with Each Score
Percentile by Number Answered
Your Score History
You have not taken this quiz